000 00248nam a2200109Ia 4500
100 _aMehrotra/C.L/ Auti/A.G
942 _cBK
654 _aStrength
245 _aStrength Of Materials
260 _bNew Vrinda Pub.
_aJalgaon
_c1990
546 _aENGLISH
999 _c33270
_d33270